Introducción a la epistemología y fundamentación de la matemática
Պահպանված է:
| Հիմնական հեղինակ: | |
|---|---|
| Ձևաչափ: | Գիրք |
| Լեզու: | իսպաներեն |
| Հրապարակվել է: |
Buenos Aires
Espasa-Calpe
1943
|
| Խորագրեր: | |
| Ցուցիչներ: |
Ավելացրեք ցուցիչ
Չկան պիտակներ, Եղեք առաջինը, ով նշում է այս գրառումը!
|
MARC
| LEADER | 00000nam a2200000 a 4500 | ||
|---|---|---|---|
| 001 | UCZ5724 | ||
| 003 | CL-VaPUC | ||
| 008 | 951124e19430000AG |||||||||||||||||spa|d | ||
| 082 | 0 | 4 | |a 501 |b TOR |2 21 |
| 100 | 0 | |a Toranzos, Fausto I |e author |9 349892 | |
| 245 | 1 | 0 | |a Introducción a la epistemología y fundamentación de la matemática |
| 300 | |a 238 p | ||
| 942 | |c BK | ||
| 945 | |d 19951124 00:00:00 |a cmena | ||
| 260 | |a Buenos Aires |b Espasa-Calpe |c 1943 | ||
| 650 | 0 | |a Filosofía de las ciencias |9 256466 | |
| 650 | 0 | |a Epistemología |9 264994 | |
| 650 | 0 | |a Teoría del conocimiento |9 255038 | |
| 650 | 0 | |a Matemática |9 260235 | |
| 583 | |a last modification |c 19951124 00:00:00 |k Rodrigo Vera | ||
| 999 | |c 242014 |d 242012 | ||
| 952 | |0 0 |1 0 |4 0 |6 501_000000000000000_TOR_1943 |7 0 |8 P |9 254679 |a BIBEDU |b BIBEDU |c BIBEDU_PB |d 2019-11-19 |i 157650K |o 501 TOR 1943 |p 157650K |r 2024-01-25 |w 2019-11-19 |y BK |k FIL | ||
| 952 | |0 0 |1 0 |2 ddc |4 0 |6 501_000000000000000_TOR_1943 |7 0 |8 A |9 254680 |a BIBCUR |b BIBCUR |c PAC |d 2019-11-19 |i 1747835 |o 501 TOR 1943 |p 1747835 |r 2025-04-22 |w 2019-11-19 |y BK |k BCB | ||